MARC

LEADER 00000nam0a2200000 4500
001 351454
005 20231102010414.0
035 |a (RuTPU)RU\TPU\retro\6503 
090 |a 351454 
100 |a 20190606d1938 k y0rusy50 ca 
101 1 |a rus  |c ger 
102 |a RU 
105 |a a z 001zy 
200 1 |a Динамическая метеорология  |e пер. с нем.  |f Г. Кошмидер 
210 |a Москва  |a Ленинград  |c ГОНТИ НКТП СССР  |c Редакция технико-теоретической литературы  |d 1938 
215 |a 376 с.  |c ил. 
317 |5 63413507: КР-6553  |a Поступил в НТБ в 1987 г. в дар от вдовы ученого Е. К. Завадовской 
320 |a Предм. указ.: с. 374-376 
606 1 |a Метеорология динамическая  |2 stltpush  |3 (RuTPU)RU\TPU\subj\43461  |9 62960 
610 1 |a библиотека А. А. Воробьева 
610 1 |a статика 
610 1 |a газы 
610 1 |a уравнения состояния 
610 1 |a воздух 
610 1 |a вертикальные столбы 
610 1 |a кинематика 
610 1 |a гидродинамические поля 
610 1 |a кинематическое построение 
610 1 |a динамика 
610 1 |a элементарные движения 
610 1 |a линейные колебания 
610 1 |a сухой воздух 
610 1 |a циркуляция 
675 |a 551.511  |v 4 
700 1 |a Кошмидер  |b Г. 
801 1 |a RU  |b 63413507  |c 20190606 
801 2 |a RU  |b 63413507  |c 20191029  |g RCR 
942 |c BK